Normal view
MARC view
- MS in Computer Science
Entry Topical Term
001 - CONTROL NUMBER
- control field: 96683
003 - CONTROL NUMBER IDENTIFIER
- control field: NUST
005 - DATE AND TIME OF LATEST TRANSACTION
- control field: 20220810103109.0
008 - FIXED-LENGTH DATA ELEMENTS
- fixed length control field: 220810|| aca||aabn | a|a d
040 ## - CATALOGING SOURCE
- Original cataloging agency: NUST
- Transcribing agency: NUST
150 ## - HEADING--TOPICAL TERM
- Topical term or geographic name entry element: MS in Computer Science
670 ## - SOURCE DATA FOUND
- Source citation: Work cat.: (NUST): Sarwar, Ayesha 96682, Text Summarization from Judicial Records using Deep Neural Machines /
